Sports Quiz

Random Sports or NBA Quiz
Score 0/30 Timer 10:00
0 Plays Today
None Player % Correct
???
81.4%
???
76.7%
Snake???
75.6%
???
68.6%
???
65.1%
???
62.8%
???
61.6%
???
60.5%
???
57%
???
55.8%
???
52.3%
???
51.2%
???
43%
???
43%
???
39.5%
None Player % Correct
???
39.5%
???
37.2%
???
37.2%
???
36%
???
31.4%
???
30.2%
???
27.9%
???
27.9%
???
26.7%
???
24.4%
???
24.4%
???
24.4%
???
20.9%
???
20.9%
???
16.3%
Remove Ads.
Support Sporcle.
Get the best of Sporcle when you Go Orange. This ad-free experience offers more features, more stats, and more fun while also helping to support Sporcle. Thank you for becoming a member.

You're not logged in!

Compare scores with friends on all Sporcle quizzes.
OR
Log In

Show Comments

Extras

Created Dec 12, 2018ReportNominate
Tags:NBA Quiz, none, Player, position, share

Top Quizzes Today


Score Distribution

Your Account Isn't Verified!

In order to create a playlist on Sporcle, you need to verify the email address you used during registration. Go to your Sporcle Settings to finish the process.

Report this User

Report this user for behavior that violates our Community Guidelines.

Details: